Geography Suggested by Google Quiz Stats

 Plays Quiz Updated Dec 6, 2018

Support Sporcle.
Go Orange.
Score 0/40 Timer 10:00
1 Play Today
% Correct
Italy
81.4%
Germany
80.3%
Portugal
78.9%
Romania
77.5%
South Africa
76.8%
Nepal
75.3%
Greenland
74.5%
Jamaica
73.6%
Switzerland
72.7%
Mexico
71.7%
Kazakhstan
71.5%
Turkey
71.4%
Scotland
71.3%
Yugoslavia
70.6%
Canada
70.6%
Madagascar
69.3%
Norway
69.2%
Japan
69.1%
Russia
68.4%
Costa Rica
67.1%
% Correct
India
67.1%
Greece
66.9%
Kyrgyzstan
66.4%
Chile
65.9%
North Korea
65.4%
Zimbabwe
63.7%
Ethiopia
63.6%
Georgia
61.6%
Wales
61%
Antarctica
59.7%
Afghanistan
58.7%
United States of America
58.5%
Iceland
57.4%
New Zealand
57.3%
Vatican City
53.2%
Sweden
52.9%
Luxembourg
44.1%
Australia
43.9%
France
29.7%
United Kingdom
25.9%

You're not logged in!

Compare scores with friends on all Sporcle quizzes.
OR
Log In
Forgot?

From the Vault

US States with Gray Wolves

by SwedishViking

They may look like your dog, but they're nowhere near as cuddly.
Remove Ads.
Support Sporcle.
Get the best of Sporcle when you Go Orange. This ad-free experience offers more features, more stats, and more fun while also helping to support Sporcle. Thank you for becoming a member.

Show Comments

Extras

Top Quizzes Today


Score Distribution

Your Account Isn't Verified!

In order to create a playlist on Sporcle, you need to verify the email address you used during registration. Go to your Sporcle Settings to finish the process.

Report this User

Report this user for behavior that violates our Community Guidelines.

Details: